Crónica de D. Alvaro de Luna, Condestable de Castilla, Maestre de Santiago / (Record no. 50151)

MARC details
000 -LEADER
campo de control de longitud fija 00859nam a2200217 i 4500
001 - NÚMERO DE CONTROL
campo de control 50151
003 - IDENTIFICADOR DE NÚMERO DE CONTROL
campo de control ES-MaACL
005 - FECHA Y HORA DE LA ÚLTIMA TRANSACCIÓN
campo de control 20250810185055.0
007 - CAMPO FIJO DE DESCRIPCIÓN FÍSICA--INFORMACIÓN GENERAL
campo de control de longitud fija t|
008 - DATOS DE LONGITUD FIJA--INFORMACIÓN GENERAL
campo de control de longitud fija 030731s1940 sp ||||1| spa d
245 00 - MENCIÓN DEL TÍTULO
Título Crónica de D. Alvaro de Luna, Condestable de Castilla, Maestre de Santiago /
Mención de responsabilidad, etc. edición y estudio por Juan de Mata Carriazo.
260 ## - PUBLICACIÓN, DISTRIBUCIÓN, ETC.
Lugar de publicación, distribución, etc. Madrid :
Nombre del editor, distribuidor, etc. Espasa-Calpe,
Fecha de publicación, distribución, etc. 1940.
300 ## - DESCRIPCIÓN FÍSICA
Extensión LXIV, 484 p., 9 lám. ;
Dimensiones 26 cm.
490 1# - MENCIÓN DE SERIE
Mención de serie Colección de crónicas españolas dirigidas por J.M.C. ;
Designación de volumen o secuencia 2
600 14 - PUNTO DE ACCESO ADICIONAL DE MATERIA--NOMBRE DE PERSONA
Nombre de persona Luna, Álvaro de,
Fechas asociadas al nombre ca. 1381-1453
9 (RLIN) 74750
651 #4 - PUNTO DE ACCESO ADICIONAL DE MATERIA--NOMBRE GEOGRÁFICO
Nombre geográfico Castilla (Reino)-
Subdivisión general Historia-
Subdivisión cronológica 1406-1454, Juan II
9 (RLIN) 7995
700 1# - ENTRADA AGREGADA--NOMBRE PERSONAL
Nombre de persona Carriazo y Arroquia, Juan de Mata.
9 (RLIN) 35736
830 0# - PUNTO DE ACCESO ADICIONAL DE SERIE-TÍTULO UNIFORME
Título uniforme Colección de crónicas españolas dirigidas por J.M.C. ;
Designación de volumen o secuencia 2
9 (RLIN) 230122
852 ## - LOCALIZACIÓN
Ubicación ES-MaACL
Número de control de estantería F-1726
Holdings
Estatus retirado Estado de pérdida Estado de daño No para préstamo Biblioteca de origen Biblioteca actual Ubicación en estantería Fecha de adquisición Fuente de adquisición Total de préstamos Signatura topográfica completa Código de barras Visto por última vez Precio de reemplazo Tipo de ítem Koha
        Biblioteca del Ateneo de Madrid Biblioteca del Ateneo de Madrid Depósito 2 17/01/2008     F-1726 1052755 23/02/2023 23/02/2023 Libro impreso